000 00682cam a22002534a 4500
003 UPN
005 20220920220737.0
008 090217s1999 es r 000 f spa d
020 _a8424130804
035 _aUPN01000169366
040 _aUPN
_bspa
_cUPN
049 _aCG
050 4 _aPQ6716 O42
_bM57
100 1 _aPolar, Homero
_945668
245 1 3 _aEl misterio del futbolista decapitado.
260 _aLeón, España :
_bEverest,
_c1999.
300 _a108 páginas
490 0 _aPunto de encuentro
650 4 _aNovela juvenil española
_943377
650 4 _aFestivales
_vNovela
_945098
905 _aLibro
942 _2lcc
_cLIBRO
999 _c141472
_d141472